|
|
|
|
| LEADER |
00984nam a2200253 a 4500 |
| 001 |
15001741 |
| 008 |
090803s2006 bg a 010 0beng d |
| 010 |
|
|
|a 2007340171
|
| 020 |
|
|
|a 9840802119
|
| 040 |
|
|
|a DLC
|c DLC
|
| 082 |
0 |
0 |
|a 920
|2 22
|
| 245 |
0 |
0 |
|a Justice Muhammad Ibrahim, 1898-1966 :
|b memorial volume /
|c edited and compiled by Sufia Ahmed.
|
| 260 |
|
|
|a Dhaka :
|b Academic Press and Publishers Library,
|c 2006.
|
| 300 |
|
|
|a 294 p. :
|b ill. (some col.) ;
|c 22 cm.
|
| 546 |
|
|
|a English and Bengali.
|
| 520 |
|
|
|a Contributed articles on his life and work.
|
| 541 |
1 |
|
|e 00016630
|
| 600 |
1 |
0 |
|a Ibrahim, Muhammad,
|d 1898-1966.
|
| 650 |
|
0 |
|a Judges
|z Bangladesh
|v Biography,
|
| 700 |
1 |
|
|a Ahmed, Sufia.
|
| 700 |
1 |
|
|a Ibrahim, Muhammad,
|d 1898-1966.
|
| 852 |
4 |
|
|a Ayesha Abed Library
|j General Shelf.
|
| 999 |
|
|
|c 3231
|d 3231
|
| 952 |
|
|
|0 0
|1 0
|2 ddc
|4 0
|6 920_JUS_200600000000000
|7 0
|9 2925
|a BRACUL
|b BRACUL
|c GEN
|d 2009-08-30
|g 297.00
|l 1
|m 1
|o 920 JUS
|p 3010016630
|r 2017-02-14
|s 2017-02-01
|t 1
|w 2009-08-30
|y BK
|